000 00410nam a2200121 4500
999 _c13747
_d13747
008 190403b ||||| |||| 00| 0 eng d
100 _938214
_aDe Vera-Ruiz, Ellalyn
245 _aIntegrate biodiversity conservation in sectoral development- ASEAN/
_cEllalyn De Vera-Ruiz
260 _aPhilippines:
_bManila Bulletin;
_cc2018.
300 _apage B-8.
650 0 _938215
_aBiological diversity.
942 _2ddc
_cPER